5 Mystery Stories /

Nilima Sinha (1954), escritora hindú, es una de las figuras más importantes de la literatura escrita para niños de principios del siglo XXI. Prolífica autora, ha escrito un gran número de novelas de aventuras y misterio para niños y jóvenes; también tiene cuentos, libros de dibujos, obras teatrales,...

وصف كامل

محفوظ في:
التفاصيل البيبلوغرافية
المؤلف الرئيسي: Sinha, Nilima (autor)
التنسيق: كتاب
اللغة:الإنجليزية
منشور في: Nueva Delhi, India : Children’s Book Trust, 2004, c2004
سلاسل:(Golden Set)
الموضوعات:
الوسوم: إضافة وسم
لا توجد وسوم, كن أول من يضع وسما على هذه التسجيلة!

MARC

LEADER 00000nam^a2200000^a^4500
001 000184817
005 20250521000000.0
009 20260310102130.217
020 |a 81-7011-948-0 
037 |a Acervo ITESO - Biblioteca 
041 |a ING 
082 |a 808. 899282  |b SIN 
100 |a Sinha, Nilima  |e (autor) 
245 1 0 |a 5 Mystery Stories /  |c N. Sinha ; ed. de Geeta Menon ; il. de Subir Roy. 
264 4 |a Nueva Delhi, India :  |b Children’s Book Trust,  |c 2004, c2004 
300 |a 431 p. 
336 |a texto  |b txt  |2 rdacontenido 
337 |a sin mediación  |b n  |2 rdamedio 
338 |a volumen  |b nc  |2 rdasoporte 
440 1 |a (Golden Set) 
520 |a Nilima Sinha (1954), escritora hindú, es una de las figuras más importantes de la literatura escrita para niños de principios del siglo XXI. Prolífica autora, ha escrito un gran número de novelas de aventuras y misterio para niños y jóvenes; también tiene cuentos, libros de dibujos, obras teatrales, ficción histórica y textos ensayísticos. Su labor ha sido reconocida en varias ocasiones. Como presidente de la Asociación de Escritores e Ilustradores para Libros, promueve la lectura literaria entre los jóvenes. 
649 |a XX 
650 |a Cuentos Hindúes 
650 |a Literatura Hindú -  |y Siglo XXI 
650 |a Literatura Infantil -  |z India 
650 |a Literatura Policíaca y de Misterio -  |z India 
650 |a Literatura de Mujeres -  |z India 
910 |a Fondo General 
920 |a Impresos - Libros 
930 |a Colección General 
940 |a Literatura 
905 |a 101 
901 |a 0500125985  |b IT1  |c LIT  |u 20250521 
902 |a https://opac.biblio.iteso.mx/vufind/Record/000184817